|
|
|
|
| LEADER |
00000nam0a2200000 4500 |
| 001 |
74619 |
| 005 |
20231101212752.0 |
| 010 |
|
|
|a 5060035107
|
| 035 |
|
|
|a (RuTPU)RU\TPU\book\79585
|
| 090 |
|
|
|a 74619
|
| 100 |
|
|
|a 20050310d2002 m y0rusy50 ca
|
| 101 |
0 |
|
|a rus
|
| 102 |
|
|
|a RU
|
| 105 |
|
|
|a a j 000zy
|
| 200 |
1 |
|
|a Математический анализ
|f В. С. Шипачев
|
| 210 |
|
|
|a Москва
|c Высшая школа
|d 2002
|
| 215 |
|
|
|a 176 с.
|c ил.
|
| 451 |
|
1 |
|0 (RuTPU)RU\TPU\book\123852
|y 5-7107-8950-X
|t Математический анализ. Теория и практика
|o учебное пособие для вузов
|f В. С. Шипачев
|c Москва
|n Дрофа
|d 2006
|p 349 с.
|a Шипачев, Виктор Семенович
|
| 451 |
|
1 |
|0 (RuTPU)RU\TPU\book\9862
|y 5060035107
|t Математический анализ
|o учебное пособие
|f В. С. Шипачев
|c Москва
|n Высшая школа
|d 1999
|p 176 с.
|s Высшее образование
|a Шипачев, Виктор Семенович
|
| 606 |
|
|
|a Математический анализ
|2 stltpush
|3 (RuTPU)RU\TPU\subj\41236
|9 61042
|
| 610 |
1 |
|
|a учебные пособия
|
| 610 |
1 |
|
|a множества
|
| 610 |
1 |
|
|a подмножества
|
| 610 |
1 |
|
|a математическая индукция
|
| 610 |
1 |
|
|a факториал
|
| 610 |
1 |
|
|a прогрессии
|
| 610 |
1 |
|
|a функции
|
| 610 |
1 |
|
|a графики
|
| 610 |
1 |
|
|a задачи
|
| 610 |
1 |
|
|a дифференцирование
|
| 610 |
1 |
|
|a производные
|
| 610 |
1 |
|
|a интегрирование
|
| 610 |
1 |
|
|a первообразная функция
|
| 610 |
1 |
|
|a неопределенные интегралы
|
| 610 |
1 |
|
|a определенные интегралы
|
| 610 |
1 |
|
|a несобственные интегралы
|
| 610 |
1 |
|
|a ответы
|
| 610 |
1 |
|
|a решения
|
| 675 |
|
|
|a 517(075.8)
|v 3
|
| 700 |
|
1 |
|a Шипачев
|b В. С.
|g Виктор Семенович
|
| 801 |
|
1 |
|a RU
|b 63413507
|c 20050310
|g PSBO
|
| 801 |
|
2 |
|a RU
|b 63413507
|c 20200903
|g PSBO
|
| 900 |
|
|
|a Системы автоматизации и управления
|
| 942 |
|
|
|c BK
|
| 952 |
|
|
|a 550200
|b 210000
|